000 00988cab a2200277 4500
001 ABS53437
008 090401t1995 xxu||||| |||| 00| 0 eng d
035 _a(Sirsi) u4180
041 _aeng
100 _aSamuels, A.
245 _aProtecting our commons
260 _c1995
350 _a0
490 _aSolicitors` Journal
_v139(30) 4 August 1995, 764(1)
520 _aArgues for legislative reform to prevent the deregistration of commons. Comments on "Lewis v Mid-Glamorgan CC" HL (1995), in which waste land of the manor was protected from new development proposals after the intended development of a reservoir was never carried out following compulsory purchase.
650 _aCOMMON LAND
650 _aCOMMONS REGISTRATION ACT 1965
650 _aDEREGISTRATION
650 _aHAMPSHIRE CC V MILBURN
650 _aLEWIS V MID-GLAMORGAN
650 _aREGISTERED COMMONS
650 _aWASTE LAND OF THE MANOR
690 _aLAND
942 _n0
948 _c04/03/1997
999 _c2502
_d2502